Normal view
MARC view
Entry Topical Term
001 - CONTROL NUMBER
- control field: 89023
003 - CONTROL NUMBER IDENTIFIER
- control field: dpl
005 - DATE AND TIME OF LATEST TRANSACTION
- control field: 20260507144655.0
008 - FIXED-LENGTH DATA ELEMENTS
- fixed length control field: 260507|| aca||aabn | a|a d
040 ## - CATALOGING SOURCE
- Original cataloging agency: dpl
- Transcribing agency: dpl
150 ## - HEADING--TOPICAL TERM
- Topical term or geographic name as entry element: Public libraries
670 ## - SOURCE DATA FOUND
- Source citation: Work cat.: (dpl)216095: Directory of Libraries :, 2025
